00441nam a2200157Ia 4500008004100000020001500041041000800056082001700064100001500081245009800096250000600194260004400200300000800244650001600252700001500268210716s2005 xx 000 0 und d a8178815338 aeng a659.113 SURK aSuresh, K. aPositioning and repositioning: perspectives and applications.bPerspectives and applications. a1 aHyderabadbICFAI University Pressc2005 a176 aAdvertising aSuresh, K.